00681nam a22001937a 450000500170000001000150001702000250003203500140005703700090007108200110008010000270009124500510011826000300016927000700019930000190026994200250028899900190031395201550033220260115144141.0 aENG-147423 a9789355468420c95.00 aEN-130955 bDBAD a304.23 aBennett, Arnold986422 aHow to Live on 24 Hours a Day/cArnold Bennett aDelhibPharos Booksc2025 aPlot No.-55, Main Mother Dairy Road, Pandav Nagar,bDelhie110092 a48p.c21cm(pb) 2ddccENh304.23mBEN c214161d214161 001040708NFICaBL1bBL1d2026-01-15eDelivery of Books Act Divisiong95.00l0o304.23 BENpEN-130955r2026-01-15 00:00:00t1v95.00w2026-01-15yEN